Fischer Antal - Anton Fischer élete és a Bécsi Kör filozófiájához fűződő kapcsolata = Anton Fischer (1901-1979) sein Leben und sein Verhältnis zur Philosophie des Wiener Kreises

Elmentve itt :
Bibliográfiai részletek
További közreműködők: Boros Gábor
Adatforrás:Philobibl
Dokumentumtípus: Könyv
Nyelv:magyar
Kulcsszavak:tudományfilozófia
Bécsi Kör
Megjelent: Budapest Német-Magyar Filozófiai Társaság 2009
Sorozat:Mitteilungen der Deutsch - Ungarischen Gesellschaft für Philosophie
LEADER 00820nam a2200169 c 4500
001 bibPHI0037719
005 20200924123842.6
008 100126s2009 hu a b 10000 hun d
245 0 0 |a Fischer Antal - Anton Fischer élete és a Bécsi Kör filozófiájához fűződő kapcsolata = Anton Fischer (1901-1979) sein Leben und sein Verhältnis zur Philosophie des Wiener Kreises  |c [... szerk. Boros Gábor] 
260 |a Budapest  |b Német-Magyar Filozófiai Társaság  |c 2009 
300 |a 79 p. 
490 1 |a Mitteilungen der Deutsch - Ungarischen Gesellschaft für Philosophie = A Német-Magyar Filozófiai Társaság közleményei  |x 2060-3622  |v 3. 
695 |a tudományfilozófia 
695 |a Bécsi Kör 
700 1 |a Boros Gábor 
830 0 |a Mitteilungen der Deutsch - Ungarischen Gesellschaft für Philosophie 
965 |a Fischer Antal